Loading...
Introduction to food biotechnology
| Main Author: | |
|---|---|
| Other Authors: | |
| Format: | Printed Book |
| Published: |
Newdelhi
CBS
2012
|
| Subjects: |
| LEADER | 00466nam a2200157 4500 | ||
|---|---|---|---|
| 020 | |a 9788123922072 | ||
| 082 | |b SKA/I | ||
| 100 | |a Skariyachan, Sinosh | ||
| 245 | |a Introduction to food biotechnology | ||
| 260 | |a Newdelhi |b CBS |c 2012 | ||
| 300 | |a xiv, 364p | ||
| 650 | |a food biotechnology | ||
| 700 | |a Abhilash | ||
| 942 | |c BK | ||
| 999 | |c 45122 |d 45122 | ||
| 952 | |0 0 |1 0 |4 0 |6 SKAI |7 0 |8 Stack |9 49104 |a KUCL |b KUCL |c Stack |d 2018-03-22 |g 225.00 |l 0 |o SKA/I |p 45783 |r 2018-03-22 |w 2018-03-22 |y BK | ||